000 00190nam a22000977a 4500
082 _a920
_bJUL/J
100 _aJULIA, GANESH
245 _aJAWAHARLAL NEHRU
650 _aSHORT STORY
942 _cBK
999 _c7667
_d7667